Catálogo
 En Linea

Iniciación a la práctica del derecho penal : (Registro nro. 22587)

Detalles MARC
000 -CABECERA
campo de control de longitud fija 00724nam a2200241 a 4500
001 - NÚMERO DE CONTROL
campo de control 000023090
003 - IDENTIFICADOR DEL NÚMERO DE CONTROL
campo de control OSt
005 - FECHA Y HORA DE LA ÚLTIMA TRANSACCIÓN
campo de control 20240411201133.0
008 - DATOS DE LONGITUD FIJA--INFORMACIÓN GENERAL
campo de control de longitud fija 101126s1986 sp r 000 | spa d
020 ## - NÚMERO INTERNACIONAL ESTÁNDAR DEL LIBRO
Número Internacional Estándar del Libro 8471629844
040 ## - FUENTE DE LA CATALOGACIÓN
Centro catalogador/agencia de origen DO-SdBNP
Lengua de catalogación spa
Centro/agencia transcriptor BNPHU
049 ## - FONDOS LOCALES (OCLC)
Fondos de biblioteca BNGR
082 ## - NÚMERO DE LA CLASIFICACIÓN DECIMAL DEWEY
Número de clasificación 345
Número de documento/Ítem H638i
100 1# - ENTRADA PRINCIPAL--NOMBRE DE PERSONA
Nombre de persona Higuera Guimerá, Juan-Felipe
9 (RLIN) 47538
245 10 - MENCIÓN DE TÍTULO
Título Iniciación a la práctica del derecho penal :
Resto del título casos prácticos /
Mención de responsabilidad, etc. Juan-Felipe Higuera Guimerá.
260 ## - PUBLICACIÓN, DISTRIBUCIÓN, ETC.
Lugar de publicación, distribución, etc. Barcelona :
Nombre del editor, distribuidor, etc. Bosch,
Fecha de publicación, distribución, etc. 1986.
300 ## - DESCRIPCIÓN FÍSICA
Extensión 243 p. ;
Dimensiones 24 cm.
500 ## - NOTA GENERAL
Nota general Incluye bibliografía
500 ## - NOTA GENERAL
Nota general Incluye notas al pie de páginas
650 #0 - PUNTO DE ACCESO ADICIONAL DE MATERIA--TÉRMINO DE MATERIA
Término de materia o nombre geográfico como elemento de entrada Derecho penal
9 (RLIN) 17405
650 #4 - PUNTO DE ACCESO ADICIONAL DE MATERIA--TÉRMINO DE MATERIA
Término de materia o nombre geográfico como elemento de entrada Práctica de juicios
9 (RLIN) 34759
942 ## - ELEMENTOS DE PUNTO DE ACCESO ADICIONAL (KOHA)
Fuente del sistema de clasificación o colocación Dewey Decimal Classification
Tipo de ítem Koha Libro
Existencias
Estado de retiro Estado de pérdida Restricciones de uso No para préstamo Código de colección Localización permanente Ubicación/localización actual Ubicación en estantería Fecha de adquisición Número de inventario Total de préstamos Signatura topográfica completa Código de barras Fecha visto por última vez Precio válido a partir de Tipo de ítem Koha
      Excluido de préstamo Monografías: Libros y Folletos General General En catalogación 26.11.2010 LF1   345 H638i 23090-10 25.06.2020 25.06.2020 No se presta

Con tecnología Koha